[Event "Rallarsjakken 2014 NGP"]
[Site "Rica Hotel, Narvik"]
[Date "2014.04.04"]
[Round "2"]
[White "Jensen, Stein"]
[Black "Torgersen, Markus"]
[Result "1-0"]
[WhiteElo "2061"]
[BlackElo "1741"]

1. c4 Nf6 2. Nf3 g6 3. g3 Bg7 4. Bg2 Nc6 5. O-O O-O 6. d3 d6 7. Nc3 Rb8 8. Rb1
a6 9. b4 b5 10. cxb5 axb5 11. a4 bxa4 12. b5 Na5 13. Qxa4 Nb7 14. Qh4 Nc5
15. Bh6 Bd7 16. d4 Ne6 17. e4 Nh5 18. Bxg7 Nexg7 19. Qg5 e6 20. Qh6 Nf6 21. Ng5
e5 22. dxe5 dxe5 23. Nd5 Nge8 24. f4 c6 25. fxe5 cxd5 26. exf6 Nxf6 27. Rxf6
Qxf6 28. Qxh7#
1-0

[Event "Rallarsjakken 2014 NGP"]
[Site "Rica Hotel, Narvik"]
[Date "2014.04.04"]
[Round "2"]
[White "Hegelund, Ole Jakob"]
[Black "Willumsen, Kaj Roger"]
[Result "1-0"]
[WhiteElo "1774"]
[BlackElo "1739"]

1. d4 d5 2. c4 c6 3. Nf3 Nf6 4. Bf4 a6 5. e3 e6 6. Bd3 Bd6 7. Bg3 dxc4 8. Bxc4
b5 9. Bd3 Bb7 10. O-O Bxg3 11. hxg3 Nbd7 12. Qe2 O-O 13. Rd1 Qe7 14. a4 Nd5
15. Na3 Rfe8 16. Rac1 e5 17. Bf5 f6 18. Bxd7 Qxd7 19. dxe5 Qe7 20. exf6 Nxf6
21. Nd4 Qe4 22. Qc2 Rac8 23. Nf5 Qxc2 24. Nxc2 Rc7 25. Nd6 Rb8 26. Nd4 bxa4
27. Ne6 Re7 28. Nc5 Ba8 29. Nxa4 Ne4 30. Nxe4 Rxe4 31. Nc5 Ree8 32. Nxa6 Rxb2
33. Nc5 Rf8 34. f3 h6 35. Rd7 Ra2 36. Rcd1 Kh7 37. Ne6 Rg8 38. Rc7 c5 39. Rdd7
Kg6 40. Nxg7 Ra6 41. g4 c4 42. Nh5 Kg5 43. Kh2 Ra2 44. Kg3
1-0

[Event "Rallarsjakken 2014 NGP"]
[Site "Rica Hotel, Narvik"]
[Date "2014.04.04"]
[Round "2"]
[White "Hanssen, Johnny"]
[Black "Engegård, Ødøn Toth"]
[Result "1-0"]
[WhiteElo "1880"]
[BlackElo "1822"]

1. e4 c5 2. Nf3 e6 3. d4 cxd4 4. Nxd4 a6 5. Nc3 Qc7 6. Bd3 Nf6 7. O-O Bc5
8. Nb3 Be7 9. f4 d6 10. e5 dxe5 11. fxe5 Nfd7 12. Qg4 g6 13. Bf4 Nc6 14. Rae1
Nc5 15. Nxc5 Bxc5+ 16. Kh1 Bd4 17. Qg3 Bd7 18. Nd5 Qa5 19. Nf6+ Kd8 20. c3 Ba7
21. Rd1 Kc7 22. b4 Qa3 23. Nxd7 Kxd7 24. Bc1 Qxc3 $4 25. Bc4+ {oppgitt}
1-0

[Event "Rallarsjakken 2014 NGP"]
[Site "Rica Hotel, Narvik"]
[Date "2014.04.04"]
[Round "3"]
[White "Machlik, Endre"]
[Black "Larsen, Andreas"]
[Result "1-0"]
[WhiteElo "1790"]
[BlackElo "2004"]

1. d4 c6 2. c4 d5 3. Nc3 e6 4. Nf3 f5 5. Bf4 Nf6 6. e3 Be7 7. Bd3 O-O 8. Qc2
Ne4 9. g4 g5 10. Be5 Nd7 11. h4 Qa5 12. hxg5 Bb4 13. Rc1 Qxa2 14. gxf5 exf5
15. Ke2 Bxc3 16. bxc3 Nxc3+ 17. Kf1 Qxc2 18. Rxc2 dxc4 19. Bxc4+ Nd5 20. g6 hxg6
21. Bxd5+ cxd5 22. Rc7 b6 23. Ng5 Ba6+ 24. Kg2 Nf6 25. Rhh7
1-0

[Event "Rallarsjakken 2014 NGP"]
[Site "Rica Hotel, Narvik"]
[Date "2014.04.04"]
[Round "3"]
[White "Skagseth, Håvard M"]
[Black "Mikalsen, Odd Erling"]
[Result "0-1"]
[WhiteElo "1922"]
[BlackElo "1974"]

1. e4 e5 2. Nf3 Nc6 3. Bb5 f5 4. d3 Nf6 5. O-O fxe4 6. dxe4 d6 7. Qe2 Bg4
8. Bg5 Be7 9. Nbd2 Qd7 10. a4 O-O 11. Qd3 Kh8 12. h3 Bh5 13. Rfe1 a6 14. Bc4 Bg6
15. c3 Nh5 16. Bxe7 Qxe7 17. g3 Nd8 18. Nh4 Bf7 19. Bxf7 Qxf7 20. Re2 Ne6
21. Nf1 Qf6 22. Ng2 Qg6 23. Kh2 Nef4 24. Nxf4 exf4 25. Rd1 f3 26. Rc2 Nf4
27. Qxf3 Nxh3 28. Qe3 Ng5 29. f4 Qh5+
0-1

[Event "Rallarsjakken 2014 NGP"]
[Site "Rica Hotel, Narvik"]
[Date "2014.04.04"]
[Round "3"]
[White "Schjelderup, Nils J."]
[Black "Kristensen, Kjell Ole"]
[Result "1/2-1/2"]
[WhiteElo "1871"]
[BlackElo "2123"]

1. e4 c5 2. Nc3 e6 3. f4 d5 4. d3 Nc6 5. Nf3 Nf6 6. e5 Nd7 7. g3 b5 8. Bh3 g6
9. O-O Qb6 10. Kh1 Bb7 11. Bg2 Bg7 12. Re1 O-O 13. b3 Rac8 14. Bb2 Rfd8 15. a4
a6 16. Qe2 Ne7 17. axb5 axb5 18. h3 Ra8 19. Qf2 h6 20. Kh2 b4 21. Ne2 Rxa1
22. Rxa1 d4 23. Nd2 Nd5 24. Nc4 Qc7 25. Ng1 Ra8 26. Rxa8+ Bxa8 27. Nf3 Qa7
28. Qe1 N7b6 29. Nfd2 Qa2 30. Qa1 Qxa1
1/2-1/2

[Event "Rallarsjakken 2014 NGP"]
[Site "Rica Hotel, Narvik"]
[Date "2014.04.04"]
[Round "3"]
[White "Kaasen, Tor Fredrik"]
[Black "Hanssen, Johnny"]
[Result "0-1"]
[WhiteElo "1527"]
[BlackElo "1880"]

1. e4 c5 2. Nf3 g6 3. d4 cxd4 4. Nxd4 Nc6 5. Nc3 Bg7 6. Be3 Nf6 7. Qd2 O-O
8. f3 d5 9. O-O-O Nxd4 10. Bxd4 dxe4 11. fxe4 Be6 12. h4 h5 13. Qf4 Qa5 14. Kb1
Rfd8 15. Be2 Rac8 16. a3 a6 17. Rhg1 Rxd4 18. Rxd4 Qb6 19. Rgd1 Rxc3 20. Rb4 Qc7
21. Qd2 Rc6 22. Bf3 Rd6 23. Qe2 Rxd1+ 24. Qxd1 a5 25. Rd4 Nd7 26. Rd2 Qc4
27. Re2 Qa2+ 28. Kc1 Bh6+
0-1

[Event "Rallarsjakken 2014 NGP"]
[Site "Rica Hotel, Narvik"]
[Date "2014.04.04"]
[Round "3"]
[White "Hanssen, Gunnar Berg"]
[Black "Jakobsen, Øivind"]
[Result "1-0"]
[WhiteElo "2208"]
[BlackElo "1680"]

1. Nf3 d5 2. d4 Nf6 3. c4 e6 4. g3 Nbd7 5. Bg2 Be7 6. O-O O-O 7. Qc2 c6 8. Nbd2
Nb6 9. b3 Nbd7 10. e4 dxe4 11. Nxe4 Nxe4 12. Qxe4 Nf6 13. Qe2 Qb6 14. Ne5 Bd6
15. Bf4 Be7 16. Rfd1 Qa6 17. Rd3 Rd8 18. Rad1 Bd7 19. g4 Be8 20. g5 Nd7 21. Rh3
g6 22. Qg4 Nf8 23. Qh4 Qxa2 24. Ng4 h5 25. Be5 Nd7 26. Nf6+ Nxf6 27. gxf6 Bf8
28. Qg5 Kh7 29. Rxh5+ gxh5 30. Be4+
1-0

[Event "Rallarsjakken 2014 NGP"]
[Site "Rica Hotel, Narvik"]
[Date "2014.04.04"]
[Round "3"]
[White "Larsen, Martin Halsvik"]
[Black "Keadana, Amir"]
[Result "1-0"]
[WhiteElo "2059"]
[BlackElo "1636"]

1. e4 e6 2. d4 d5 3. e5 c5 4. c3 Nc6 5. Nf3 cxd4 6. cxd4 Nge7 7. Nc3 Qb6 8. Bd3
Bd7 9. Nb5 Nxe5 10. Nd6+ Qxd6 11. dxe5 Qc7 12. O-O Nc6 13. Bf4 Be7 14. Rc1 Qb6
15. b3 Nb4 16. Bb1 O-O 17. Ng5 h6 18. Nh7 Rfc8 19. Rxc8+ Rxc8 20. Bxh6 gxh6
21. Qg4+ Kh8 22. Qf4 Kg7 23. Nf6 Qd8 24. Nh5+ Kf8 25. Qxh6+ Ke8 26. Ng7+
{Oppgitt (26. ... Kf8 27. Nxe6+ og med det ryker damen med påfølgende matt noen
trekk senere?)}
1-0

[Event "Rallarsjakken 2014 NGP"]
[Site "Rica Hotel, Narvik"]
[Date "2014.04.04"]
[Round "3"]
[White "Remman, Frank"]
[Black "Hansen, Ola"]
[Result "1-0"]
[WhiteElo "1922"]
[BlackElo "1698"]

1. d4 d6 2. Nf3 g6 3. g3 Bg7 4. Bg2 Nf6 5. O-O O-O 6. c4 c6 7. Nc3 Re8 8. h3
Qc7 9. e4 Nbd7 10. Be3 Rb8 11. Rc1 b6 12. b4 Ba6 13. b5 Bb7 14. e5 dxe5 15. dxe5
Nxe5 16. Nxe5 Qxe5 17. Bf4 Qe6 18. Bxb8 Rxb8 19. Re1 {OPPGITT}
1-0

[Event "Rallarsjakken 2014 NGP"]
[Site "Rica Hotel, Narvik"]
[Date "2014.04.04"]
[Round "3"]
[White "Engegård, Ødøn Toth"]
[Black "Willumsen, Kaj Roger"]
[Result "1-0"]
[WhiteElo "1822"]
[BlackElo "1739"]

1. e4 e6 2. d4 d5 3. Nd2 Nf6 4. e5 Nfd7 5. Bd3 c5 6. c3 Nc6 7. Ne2 cxd4 8. cxd4
Be7 9. Nf3 O-O 10. h4 Nb4 11. Bb1 b6 12. a3 Na6 13. Ng5 g6 14. Qd3 Kg7 15. Nf4
Nc7 16. Nxh7 Qe8 17. h5 Rh8 18. hxg6 fxg6 19. Nxg6
1-0

[Event "Rallarsjakken 2014 NGP"]
[Site "Rica Hotel, Narvik"]
[Date "2014.04.04"]
[Round "4"]
[White "Romsdal, Trond"]
[Black "Machlik, Endre"]
[Result "1-0"]
[WhiteElo "2184"]
[BlackElo "1790"]

1. Nf3 d5 2. g3 c6 3. Bg2 Nf6 4. O-O Bg4 5. d3 Nbd7 6. Nc3 e5 7. e4 dxe4
8. dxe4 Bb4 9. h3 Be6 10. Qe2 Bxc3 11. bxc3 b5 12. Rd1 Qe7 13. a4 Bc4 14. Qe3 c5
15. Nd2 a5 16. Rb1 Rb8 17. Ba3 O-O 18. Nxc4 bxc4 19. Bf1 Qe6 20. f3 Rfc8
21. Rxb8 Nxb8 22. Qe2 Nbd7 23. Qxc4 Qxc4 24. Bxc4 Nb6 25. Bb5 Ne8 26. Bxc5 Rxc5
27. Rd8 Rc8 28. Rxc8 Nxc8 29. Bxe8 Kf8 30. Bb5 Ke7 31. Kf2 Kd6 32. Bc4 f6
33. Bb3 Ne7 34. f4 Nc8 35. Kf3 Nb6 36. Kg4 Nd7 37. h4 Nc5 38. Kf5 Nd7 39. Bg8
g6+ 40. Kg4 Ke7 41. Bxh7 Kf7 42. f5 gxf5+ 43. Bxf5 Nc5 44. Kf3 Nxa4 45. Ke3 Nc5
46. Bh3 Kg6 47. Bf1 Kh5 48. Be2+ Kh6 49. Bc4 Kg6 50. Kf3 Kh6 51. Bd5 Kg6 52. Kg4
Na4 53. h5+ Kg7 54. Kf5 Nxc3 55. h6+ Kxh6 56. Kxf6 a4 57. g4 Nxd5+ 58. exd5 a3
59. d6 a2 60. d7 a1=Q 61. d8=Q Qa6+ 62. Kf5 Qf1+ 63. Ke6
1-0

[Event "Rallarsjakken 2014 NGP"]
[Site "Rica Hotel, Narvik"]
[Date "2014.04.04"]
[Round "4"]
[White "Eriksson, Roland"]
[Black "Røyset, Jon Kr."]
[Result "0-1"]
[WhiteElo "2076"]
[BlackElo "2180"]

1. d4 f5 2. Nc3 Nf6 3. Bg5 d5 4. e3 e6 5. Bd3 Be7 6. Bxf6 Bxf6 7. Qh5+ g6
8. Qf3 c6 9. Nge2 Nd7 10. O-O-O b5 11. Nf4 Nb6 12. h3 e5 13. dxe5 Bxe5 14. e4
fxe4 15. Bxe4 O-O 16. Nce2 Qf6 17. g3 dxe4 18. Qb3+ Nc4
0-1

[Event "Rallarsjakken 2014 NGP"]
[Site "Rica Hotel, Narvik"]
[Date "2014.04.04"]
[Round "4"]
[White "Mikalsen, Odd Erling"]
[Black "Røyset, Pål"]
[Result "0-1"]
[WhiteElo "1974"]
[BlackElo "2192"]

1. e4 c5 2. Nf3 d6 3. Bb5+ Nd7 4. a4 a6 5. Bxd7+ Bxd7 6. O-O g6 7. Nc3 Bg7
8. d4 cxd4 9. Nxd4 Nf6 10. h3 Rc8 11. Be3 O-O 12. Qd3 Qa5 13. Nb3 Qb4 14. a5
Rxc3 15. bxc3 Qxe4 16. Bd4 e5 17. Bb6 Qc6 18. Rad1 d5 19. Qe3 Nh5 20. Qc5 Nf4
21. Qxc6 Ne2+ 22. Kh2 Bxc6 23. Bc5 Rc8 24. Bb4 e4 25. Nd4 Nxd4 26. cxd4 Bb5
27. Rfe1 Rxc2 28. Rc1 Rxc1 29. Rxc1 Bxd4 30. Rc8+ Kg7 31. Bc3 Bxc3 32. Rxc3 d4
33. Rc8 d3 34. Rd8 f5 35. Kg3 g5 36. f4 e3 37. fxg5 d2
0-1

[Event "Rallarsjakken 2014 NGP"]
[Site "Rica Hotel, Narvik"]
[Date "2014.04.04"]
[Round "4"]
[White "Jensen, Paul Johan"]
[Black "Pettersen, Magnor"]
[Result "1/2-1/2"]
[WhiteElo "1923"]
[BlackElo "1706"]

1. c4 Nf6 2. g3 e6 3. Bg2 d5 4. Nf3 Be7 5. O-O b6 6. d4 Bb7 7. Nc3 Nbd7 8. Bf4
a6 9. Ne5 O-O 10. Rc1 Rc8 11. cxd5 exd5 12. Re1 Ne4 13. Qd3 Ndf6 14. Bh3 Rb8
15. f3 Nd6 16. Bg5 Nde8 17. Nd1 h6 18. Bd2 c5 19. Ne3 c4 20. Qc2 Bc8 21. Nf5
Bxf5 22. Bxf5 Rb7 23. Nc6 Qd6 24. Qa4 Rc7 25. Nxe7+ Qxe7 26. Bb4 Nd6 27. e4 dxe4
28. fxe4 a5 29. Ba3 b5 30. Qxa5 Ra7 31. Qb6 Rxa3 32. bxa3 Nxf5 33. exf5 Qxa3
34. Qxb5 Qxa2 35. Qxc4 Qd2 36. Re2 Qg5 37. Rf1 Ng4 38. Rf4 Ra8 39. d5 Ra1+
40. Kg2 Nf6 41. d6 Rd1 42. Qb3 Rd5 43. Qc4 Rxd6 44. h4 Qh5 45. Kh3 Rd1 46. Rh2
g5 47. fxg6 Qxg6 48. Qb3 Rd3 49. Qb8+ Kg7 50. Rg2 Re3 51. Qb2 Re4 52. Rgf2 Re6
53. Qd4 h5 54. Kg2 Ra6 55. Rf5 Qh6 56. Rg5+ Kf8 57. Qd8+ Ne8 58. Rg8+ Kxg8
59. Qxe8+ Qf8 60. Qb5 Qd8 61. Kh3 Qc8+ 62. Kh2 Rg6 63. Qxh5 Qc7 64. Qf3 Qe7
65. Kh3 Qd7+ 66. g4 Rd6 67. Qa8+ Kg7 68. Rf3 Rd4 69. Rg3 Rd1 70. Qf3 Rd4 71. Qc3
Kg8 72. h5 Rd5 73. Kh4 Qe7+ 74. g5 Qe4+ 75. Kh3
1/2-1/2

[Event "Rallarsjakken 2014 NGP"]
[Site "Rica Hotel, Narvik"]
[Date "2014.04.04"]
[Round "5"]
[White "Flermoen, Peter"]
[Black "Mikalsen, Odd Erling"]
[Result "1-0"]
[WhiteElo "2232"]
[BlackElo "1974"]

1. e4 e5 2. Nf3 Nc6 3. Bc4 Be7 4. d4 exd4 5. c3 Nf6 6. e5 Ne4 7. Bd5 f5 8. O-O
d6 9. Nxd4 Nxd4 10. cxd4 c6 11. Bxe4 fxe4 12. exd6 Qxd6 13. Nc3 Bf5 14. Re1
O-O-O 15. Be3 Kb8 16. d5 Qb4 17. a3 Qc4 18. Bf4+ Ka8 19. Rc1 cxd5 20. Nxe4 dxe4
21. Rxc4 Rxd1 22. Rxd1 Bf6 23. b4 a6 24. b5 Bg4 25. Re1 axb5 26. Rc5 Bd7 27. a4
b6 28. Rc7 Rd8 29. axb5 Bxb5 30. h3 Bd3 31. Rd1 Rd5 32. Be3 b5 33. Rc8+
1-0

[Event "Rallarsjakken 2014 NGP"]
[Site "Rica Hotel, Narvik"]
[Date "2014.04.04"]
[Round "5"]
[White "Hanssen, Gunnar Berg"]
[Black "Hegelund, Ole Jakob"]
[Result "1-0"]
[WhiteElo "2208"]
[BlackElo "1774"]

1. Nf3 Nf6 2. c4 d5 3. cxd5 Nxd5 4. d4 e6 5. e4 Nf6 6. Nc3 Be7 7. Bd3 O-O
8. O-O b6 9. e5 Nd5 10. Nxd5 exd5 11. Qc2 h6 12. Be3 Na6 13. a3 c5 14. Qa4 c4
15. Bb1 f5 16. exf6 Rxf6 17. Ne5 Bd6 18. f4 b5 19. Qxb5 Rb8 20. Qxd5+ Be6
21. Qe4 Bf5 22. Qf3 Rxb2 23. Bxf5 Rxf5 24. Qd5+
1-0

[Event "Rallarsjakken 2014 NGP"]
[Site "Rica Hotel, Narvik"]
[Date "2014.04.04"]
[Round "5"]
[White "Schjelderup, Nils J."]
[Black "Rafnung, Skjalg"]
[Result "1/2-1/2"]
[WhiteElo "1871"]
[BlackElo "1861"]

1. e4 d5 2. exd5 Nf6 3. d4 Bg4 4. Nf3 Nxd5 5. Be2 e6 6. h3 Bh5 7. c4 Nb6 8. Be3
Be7 9. Nc3 N8d7 10. g4 Bg6 11. Qd2 Nf6 12. O-O-O Bb4 13. Bg5 Bxc3 14. Qxc3 Ne4
15. Qe3 Nxg5 16. Nxg5 h6 17. Nf3 c6 18. Ne5 Bh7 19. f4 Qe7 20. Bd3
1/2-1/2

[Event "Rallarsjakken 2014 NGP"]
[Site "Rica Hotel, Narvik"]
[Date "2014.04.04"]
[Round "5"]
[White "Engegård, Ødøn Toth"]
[Black "Selnes, Odd Ketil"]
[Result "1-0"]
[WhiteElo "1822"]
[BlackElo "1796"]

1. e4 d6 2. d4 g6 3. Nc3 Bg7 4. Be3 Nf6 5. f3 O-O 6. Qd2 Nbd7 7. O-O-O e5 8. d5
Ne8 9. g4 f6 10. h4 Nb6 11. Qh2 c5 12. dxc6 bxc6 13. g5 Be6 14. h5 Nc4 15. hxg6
hxg6 16. Bxc4 Bxc4 17. Nh3 f5 18. exf5 Rxf5 19. f4 d5 20. fxe5 Bxe5 21. Nf4 Rf7
22. Qh4 Qd6 23. Ne4 Bxb2+ 24. Kxb2 Rb8+ 25. Ka1 Qe5+ 26. Bd4 Rb1+ 27. Kxb1
1-0

[Event "Rallarsjakken 2014 NGP"]
[Site "Rica Hotel, Narvik"]
[Date "2014.04.04"]
[Round "5"]
[White "Larsen, Martin Halsvik"]
[Black "Jensen, Paul Johan"]
[Result "1-0"]
[WhiteElo "2059"]
[BlackElo "1923"]

1. e4 d5 2. exd5 Qxd5 3. Nc3 Qd8 4. Nf3 Nf6 5. d4 Bg4 6. Be2 Nbd7 7. Bg5 h6
8. Bh4 e6 9. d5 Be7 10. Nd4 Bxe2 11. Qxe2 Nxd5 12. Nxd5 Bxh4 13. Nxe6 fxe6
14. Qxe6+ Kf8 15. Nf4 g6 16. Nxg6+ Kg7 17. O-O-O Qf6 18. Rxd7+ Kxg6 19. Qe4+
1-0

[Event "Rallarsjakken 2014 NGP"]
[Site "Rica Hotel, Narvik"]
[Date "2014.04.04"]
[Round "5"]
[White "Remman, Frank"]
[Black "Bue, Gunnar"]
[Result "1-0"]
[WhiteElo "1922"]
[BlackElo "1693"]

1. d4 Nf6 2. Nf3 g6 3. g3 Bg7 4. Bg2 O-O 5. O-O d6 6. c4 c6 7. Nc3 Nbd7 8. e4
e5 9. h3 exd4 10. Nxd4 Re8 11. Re1 a6 12. Be3 Qc7 13. Rc1 c5 14. Nde2 Ne5 15. b3
Bxh3 16. Bxh3 Nf3+ 17. Kg2 Nxe1+ 18. Qxe1 Nxe4 19. Nxe4 Rxe4 20. Nc3 Bxc3
21. Qxc3 Qc6 22. Kg1 Rae8 23. Bg2 Rxe3 24. Qxe3 Qd7 25. Qf3 Rb8 26. Re1 b5
27. Qf6
1-0

[Event "Rallarsjakken 2014 NGP"]
[Site "Rica Hotel, Narvik"]
[Date "2014.04.04"]
[Round "5"]
[White "Jakobsen, Øivind"]
[Black "Willumsen, Kaj Roger"]
[Result "1/2-1/2"]
[WhiteElo "1680"]
[BlackElo "1739"]

1. b3 e5 2. Bb2 Nc6 3. c4 Nf6 4. e3 d6 5. Nc3 Bf5 6. Nf3 Nb4 7. d3 e4 8. Nh4
Bg4 9. f3 exf3 10. gxf3 Bh5 11. a3 Nc6 12. Be2 Qd7 13. Ng2 Be7 14. Nf4 Bg6
15. h4 Nh5
1/2-1/2

[Event "Rallarsjakken 2014 NGP"]
[Site "Rica Hotel, Narvik"]
[Date "2014.04.04"]
[Round "4"]
[White "Rølvåg, Mikael"]
[Black "Flermoen, Peter"]
[Result "*"]
[WhiteElo "2163"]
[BlackElo "2232"]

1. c4 Nf6 2. g3 e6 3. d4 d5 4. Nf3 Be7 5. Bg2 O-O 6. O-O dxc4 7. Qc2 a6 8. Qxc4
b5 9. Qc2 Bb7 10. Bf4 Nc6 11. Rd1 Nb4 12. Qc1 Re8 13. Nc3 Nbd5 14. Nxd5 Bxd5
15. Ne5 c5 16. Bxd5 Nxd5 17. dxc5 Bxc5 18. Qd2 Bb4 19. Qd3 f6 20. Nf3 Nxf4
21. gxf4 Qxd3 22. Rxd3
*